Statistics for Top 20 Countries with Catholic Dioceses

Click here to take the quiz!

General Stats

  • This quiz has been taken 232 times
  • The average score is 17 of 20

Answer Stats

Number of DiocesesCountry% Correct
268Brazil
98%
225Italy
98%
98France
97%
90Mexico
97%
194United States
97%
70Spain
96%
69Argentina
95%
71Canada
89%
32Australia
88%
44Poland
88%
75Colombia
87%
35United Kingdom
87%
149India
86%
117China
84%
45Peru
84%
38Venezuela
82%
50Nigeria
76%
86Philippines
75%
47D. R. Congo
70%
37Indonesia
62%

Score Distribution

Percentile by Number Answered

Percent of People with Each Score

Your Score History

You have not taken this quiz